Score 0/20 Timer 02:00
0 Plays Today
Hint Word % Correct
Los Angeles Lakers guard _____ Bryant★ KOBE ★
95.8%
Dallas Mavericks forward _____ Nowitzki★ DIRK ★
84.1%
San Antonio Spurs guard _____ Parker★ TONY ★
81.6%
Edible hog fleshPORK
71.6%
Jump, hook or dunk, e.g.SHOT
71.5%
Relative of a nerdDORK
71%
Nickname of O'Neal who retired from the Celtics★ SHAQ ★
70.8%
Black substance found in chimneysSOOT
68.4%
Having aches and painsSORE
67.2%
Tea brand owned by PepsiCoSOBE
64.3%
Hint Word % Correct
Exhibit or displaySHOW
64.1%
Arrange according to kind or classSORT
62.2%
To read intently, with 'over'PORE
61%
A musical noteTONE
60.1%
Irish playwright who wrote 'Pygmalion'SHAW
58.3%
Sup or eatDINE
57.3%
Fork prongTINE
56.8%
Dismal or oppressiveDIRE
51.6%
Legally, a wrongful actTORT
51.4%
UK Conservative party memberTORY
51.2%

Today's Daily Dose

Remove Ads.
Support Sporcle.
Get the best of Sporcle when you Go Orange. This ad-free experience offers more features, more stats, and more fun while also helping to support Sporcle. Thank you for becoming a member.

You're not logged in!

Compare scores with friends on all Sporcle quizzes.
OR
Log In

Show Comments

Extras

Top Quizzes Today


Score Distribution

Your Account Isn't Verified!

In order to create a playlist on Sporcle, you need to verify the email address you used during registration. Go to your Sporcle Settings to finish the process.

Report this User

Report this user for behavior that violates our Community Guidelines.

Details: